000 01946cam a22004574i 4500
003 PE-LiUPU
005 20250731172919.0
008 150617s r 000 0 d
035 _a(Sirsi) a19042
040 _aPE-LiUPU
_bspa
_cPE-LiUPU
_erda
049 _aPRUA
082 0 4 _a291.7
_bB15
_221
245 0 0 _aUltimos documentos del capitán Allen F. Gardiner /
_cGonzalo Baez-Camargo, dir.
264 1 _aMéxico D. F. :
_bLa Aurora,
_c1959.
300 _a96 páginas ;
_c23 cm
336 _atext
_2rdacontent
337 _aunmediated
_2rdamedia
338 _avolume
_2rdacarrier
490 0 _aColección Documentos
505 0 _aExtracto de datos relacionados con el diario de lo realizado desde Inglaterra hasta la Tierra del Fuego -- Cartas relacionadas con el viaje a Tierra del Fuego -- Reminiscencias del diario perdido -- Diario en borrador sobre las actividades misioneras en Tierra del Fuego, incluyendo lo transcurrido en 1850 y 1851 -- Anotaciones en el diario desde el 18 de febrero hasta el 26 de mayo -- Anotaciones en el diario desde el 14 de junio hasta el 5 de septiembre -- Documentos inéditos -- Ultimos documentos públicos de Gardiner.
526 _aSEG42
526 _aSEG41
526 _aSEG40
526 _aSEG39
526 _aP94
526 _aP87
526 _aP86
526 _aP85
526 _aP77
526 _aP76
526 _aP35
650 0 4 _aMisiones
_zAmérica Latina.
700 1 _aBaez-Camargo, Gonzalo,
_edirector.
910 _ajck
_bjvq
_cjck
_d20150616
942 _2ddc
_cBOOK
949 _a291.7 B15
_wDEWEY
_c1
_i07533
_lCCODEBUL1
_mBUL
_p00.00
_r0
_sY
_tBOOK
_u19910628
_xTEOLOGIA
_PP35
_0COMPRA
_o.STAFF. Colección General
994 _aC0
_bPEPRU
596 _a1
999 _a291.7 B15
_wDEWEY
_c18801
_i07533
_f2021-11-12
_g5
_lCCODEBUL1
_mBUL
_r0
_sY
_tBOOK
_u2015-6-17
_xTEOLOGIA
_PP35
_0COMPRA
_o.STAFF. Colección General
_d18801
980 _81
_gALBERTO SANCHEZ Responsable de Automatización